[Event "Montreal op 03"]
[Site "Montreal"]
[Date "2002.03.10"]
[Round "5"]
[White "Jorge, Ivan"]
[Black "Piche, Justin"]
[Result "1-0"]
[WhiteElo "1143"]
[BlackElo "1256"]
[PlyCount "101"]
[EventDate "2002.03.08"]
[EventType "swiss"]
[EventRounds "5"]
[EventCountry "CAN"]
[SourceTitle "EXT 2009"]
[Source "ChessBase"]
[SourceDate "2008.11.26"]
[SourceVersion "1"]
[SourceVersionDate "2008.11.26"]
[SourceQuality "1"]

1. d4 d5 2. Nc3 Nf6 3. h3 Bf5 4. Bf4 e6 5. a3 c5 6. dxc5 Bxc5 7. e3 Qb6 8. Na4 Qa5+ 9. Nc3 Ne4 10. Nge2 Nxc3 11. Nxc3 Qd8 12. Bxb8 Rxb8 13. Bb5+ Ke7 14. Bd3 Bxd3 15. Qxd3 a6 16. 0-0 Bb6 17. Rac1 Qd6 18. g3 Bc7 19. Qe2 h5 20. f4 Rh6 21. Kg2 Rbh8 22. Rf3 Ba5 23. Na2 e5 24. Rcf1 f6 25. c3 Bc7 26. Rd1 Qe6 27. Nc1 exf4 28. exf4 Qxe2+ 29. Nxe2 Bb6 30. Rxd5 Rd8 31. Rxd8 Kxd8 32. Rd3+ Ke7 33. Nd4 Bxd4 34. Rxd4 Rh8 35. b4 f5 36. Kf3 Rd8 37. Rxd8 Kxd8 38. Ke3 Kc7 39. Kd4 Kd6 40. Ke3 Kc7 41. Kd4 Kd6 42. c4 Ke6 43. b5 axb5 44. cxb5 Kd7 45. Kc5 Kc7 46. b6+ Kc8 47. Kd6 Kd8 48. Ke6 g6 49. Kf6 Kd7 50. Kxg6 Ke6 51. Kxh5 1-0